000 00436nam a2200193Ia 4500
008 210210b1950 xxu||||| |||| 00| 0 eng d
041 _aeng
082 _a821/717
100 _aWHITEFIELD (G) Ed
245 _aPoetry in the sixth form
260 _aLondon
_bMacdonald & Co
_c1950
650 _athe
650 _asixth
650 _aPoetry
650 _ain
650 _aform
690 _aEnglish Literature
906 _a011885
999 _c130609
_d130609